| 000 | 00978mam a2200325 4500 | ||
|---|---|---|---|
| 001 | 7265 | ||
| 003 | BD-RjUL | ||
| 005 | 20211208234405.0 | ||
| 008 | 140113t19571933e a b 000 0 eng | ||
| 035 | _a(OCoLC)ocm03138924 | ||
| 035 | _a(BD-RjUL)7308 | ||
| 035 | _a(NNC)1850195 | ||
| 040 |
_aDLC _cOCP _dNRC _dNNC _dBD-RjUL _beng |
||
| 041 | _aeng | ||
| 082 | 0 | 0 |
_a382 _216 _bOHI 1957 |
| 100 | 1 |
_aOhlin, Bertil, _d1899-1979. _98507 |
|
| 245 | 1 | 0 |
_aInterregional and international trade / _cby Bertil Ohlin. |
| 260 |
_aCambridge : _bHarvard University Press, _c1957, c1933 |
||
| 300 |
_axvii, 617 p. : _bill. ; _c23 cm. |
||
| 490 | 1 |
_aHarvard economic studies ; _vvol. XXXIX |
|
| 504 | _aBibliography: p. [595]-603. | ||
| 650 | 0 |
_aPrices. _922697 |
|
| 650 | 0 |
_aCommerce. _922698 |
|
| 650 | 0 |
_aForeign exchange. _922699 |
|
| 740 | 0 | _aInternational trade. | |
| 830 | 0 |
_vv. 39. _9183136 |
|
| 830 | 0 |
_aHarvard economic studies ; _9183137 |
|
| 942 |
_2ddc _cBK |
||
| 999 |
_c7265 _d7265 |
||